000 00393nam a22001457a 4500
003 MACL
005 20191206165129.0
008 191206b xxu||||| |||| 00| 0 eng d
040 _cMACL
100 _aDharmadhikari, Chandrashekhar
_977483
245 _aWomen Power A Gandhian Discourse
260 _awardha
_bInstitute of Gandhian Studies
_c2018
650 _aEssay
_977484
942 _2ddc
_cBK
999 _c61537
_d61537